| 000 | 01131nam0a2200349 4500 | ||
|---|---|---|---|
| 001 | RU\NLR\bibl\375654 | ||
| 005 | 20250622151831.0 | ||
| 010 |
_a5-8033-0084-5 _910000 |
||
| 021 |
_aRU _b2002-62683 _93046 |
||
| 035 | _a(NLR Aleph) 000370125 | ||
| 090 |
_a390347 _c390347 |
||
| 100 | _a20030219d2002 |||y0rusy50 ca | ||
| 101 | 0 |
_arus _apor |
|
| 102 | _aRU | ||
| 105 | _aa ||||||||| | ||
| 200 | 1 | _aПортугальский разговорник и словарь | |
| 210 |
_aМ. _cЖивой яз. _d2002 |
||
| 215 |
_a224 с. _cил. _d15 |
||
| 225 | 1 | _aBerlitz | |
| 606 | 0 |
_aРусский язык _xРазговорники _xПортугальский язык _91557919 _3RU\NLR\auth\66981622 |
|
| 610 | 0 | _aРусско-португальские разговорники | |
| 675 |
_a811.161.1'374-134.3 _v3 _zrus |
||
| 686 |
_a16.41 _2rugasnti |
||
| 686 |
_a81.2Пор-4 _2rubbk |
||
| 686 | _aШ141.12-498.1 | ||
| 686 | _aШ147.22-498.2 | ||
| 801 | 0 |
_aRU _bRKP _c20030219 _gPSBO |
|
| 801 | 1 |
_aRU _bRKP _c20030219 |
|
| 801 | 2 |
_aRU _bNLR _c20030424 _grcr |
|
| 942 | _cBOOK | ||
| 980 | _aNB | ||